[Event "Reggio Calabria Province-ch"]
[Site "Calabria"]
[Date "2012.05.06"]
[Round "4"]
[White "Scerbo, Antonio"]
[Black "Carbone, Stefano"]
[Result "1/2-1/2"]
[WhiteElo "2042"]
[BlackElo "1980"]
[PlyCount "48"]
[EventDate "2012.05.04"]
[EventType "swiss"]
[EventRounds "5"]
[EventCountry "ITA"]
[SourceTitle "EXT 2014"]
[Source "ChessBase"]
[SourceDate "2013.11.20"]
[SourceVersion "1"]
[SourceVersionDate "2013.11.20"]
[SourceQuality "1"]

1. d4 Nf6 2. c4 g6 3. Nc3 d5 4. cxd5 Nxd5 5. e4 Nxc3 6. bxc3 Bg7 7. Bc4 c5 8. Ne2 0-0 9. 0-0 Nc6 10. Be3 Qc7 11. Rc1 Na5 12. Bd3 b6 13. Qd2 Bb7 14. Bh6 Rad8 15. Bxg7 Kxg7 16. h4 Qd7 17. Qf4 Qd6 18. Qxd6 Rxd6 19. Rfd1 e6 20. f3 Rfd8 21. Bb5 Bc6 22. a4 a6 23. Bxc6 Nxc6 24. Rb1 b5 1/2-1/2

[Event "Reggio Calabria Province-ch"]
[Site "Calabria"]
[Date "2012.05.05"]
[Round "3"]
[White "Ferro, Ferruccio"]
[Black "Scerbo, Antonio"]
[Result "0-1"]
[WhiteElo "1708"]
[BlackElo "2042"]
[PlyCount "62"]
[EventDate "2012.05.04"]
[EventType "swiss"]
[EventRounds "5"]
[EventCountry "ITA"]
[SourceTitle "EXT 2014"]
[Source "ChessBase"]
[SourceDate "2013.11.20"]
[SourceVersion "1"]
[SourceVersionDate "2013.11.20"]
[SourceQuality "1"]

1. e4 c5 2. Nf3 Nc6 3. d4 cxd4 4. Nxd4 Nf6 5. Nc3 e5 6. Nxc6 bxc6 7. Bg5 Rb8 8. Rb1 Bb4 9. Bd3 0-0 10. 0-0 d6 11. Ne2 Be6 12. c3 Bc5 13. b4 Bb6 14. a4 d5 15. a5 Bc7 16. Ng3 h6 17. Bxf6 Qxf6 18. Qc2 Rfd8 19. Rbe1 g6 20. Re3 h5 21. Qc1 h4 22. Ne2 Qg5 23. f4 exf4 24. Ref3 Bg4 25. Nxf4 Bxf3 26. Rxf3 Re8 27. exd5 cxd5 28. Qf1 Re7 29. Bc2 Rbe8 30. Nd3 Qd2 31. Rf2 Qxc3 0-1

[Event "Amantea op-A 9th"]
[Site "Amantea"]
[Date "2011.09.11"]
[Round "9"]
[White "Scerbo, Antonio"]
[Black "Valguarnera, Girolamo"]
[Result "0-1"]
[WhiteElo "2080"]
[BlackElo "2148"]
[PlyCount "144"]
[EventDate "2011.09.04"]
[EventType "swiss"]
[EventRounds "9"]
[EventCountry "ITA"]
[SourceTitle "CBM 144 Extra"]
[Source "ChessBase"]
[SourceDate "2011.10.28"]
[SourceVersion "1"]
[SourceVersionDate "2011.10.28"]
[SourceQuality "1"]

1. d4 Nf6 2. Nf3 c5 3. d5 e6 4. c4 exd5 5. cxd5 d6 6. Nc3 g6 7. e4 Bg7 8. Be2 0-0 9. 0-0 Re8 10. Nd2 Na6 11. f3 Nc7 12. a4 b6 13. Nc4 Ba6 14. Ne3 Bxe2 15. Qxe2 a6 16. Rb1 Qd7 17. Nc4 Nfxd5 18. Nxd5 Nxd5 19. Qd1 Bd4+ 20. Kh1 b5 21. exd5 bxc4 22. Qc2 Qf5 23. Qxf5 gxf5 24. Bf4 Be5 25. Bd2 Reb8 26. Rfc1 Rxb2 27. Rxb2 Bxb2 28. Rxc4 Re8 29. f4 Re4 30. Rc2 Rxa4 31. Kg1 Bf6 32. Be3 Bd4 33. Kf2 Bxe3+ 34. Kxe3 Re4+ 35. Kf3 Rd4 36. Ra2 Rd3+ 37. Ke2 Rxd5 38. Rxa6 Kg7 39. Rc6 Rd4 40. Ke3 Kf6 41. g3 h6 42. h3 Ke6 43. Rc7 Ra4 44. h4 Ra3+ 45. Kf2 Ra8 46. Ke2 Rg8 47. Kf3 h5 48. Kf2 Rf8 49. Ke3 Kd5 50. Rd7 Kc6 51. Re7 Rg8 52. Rxf7 Rxg3+ 53. Kf2 Rg4 54. Rxf5 Rxh4 55. Kg3 Rh1 56. Kg2 Rd1 57. Rxh5 c4 58. Rh8 Kd7 59. f5 Ke7 60. Rc8 Rd4 61. Kf3 d5 62. Rc6 Rd1 63. Kf4 Kd7 64. Rc5 Kd6 65. Rc8 Rf1+ 66. Kg5 Ke5 67. Re8+ Kd4 68. f6 c3 69. Rc8 Kd3 70. Kg6 c2 71. f7 Kd2 72. Kg7 c1Q 0-1

[Event "Amantea op-A 9th"]
[Site "Amantea"]
[Date "2011.09.10"]
[Round "8"]
[White "Sarro, Emilio"]
[Black "Scerbo, Antonio"]
[Result "0-1"]
[WhiteElo "1979"]
[BlackElo "2080"]
[PlyCount "74"]
[EventDate "2011.09.04"]
[EventType "swiss"]
[EventRounds "9"]
[EventCountry "ITA"]
[SourceTitle "CBM 144 Extra"]
[Source "ChessBase"]
[SourceDate "2011.10.28"]
[SourceVersion "1"]
[SourceVersionDate "2011.10.28"]
[SourceQuality "1"]

1. c4 e5 2. Nc3 Bb4 3. Qc2 Nf6 4. d3 h6 5. Bd2 0-0 6. Nf3 d6 7. g3 Nc6 8. Bg2 Be6 9. e4 Bc5 10. 0-0 a5 11. a3 Nd4 12. Nxd4 Bxd4 13. Rab1 Qd7 14. Nb5 Bb6 15. Qc1 c6 16. Nc3 d5 17. cxd5 cxd5 18. exd5 Nxd5 19. Qe1 f6 20. Qe4 Rad8 21. Rfd1 Bd4 22. Kf1 f5 23. Qe2 b6 24. Nxd5 Bxd5 25. f4 Rfe8 26. fxe5 Rxe5 27. Bxd5+ Qxd5 28. Qg2 Qxg2+ 29. Kxg2 Re2+ 30. Kh1 Rc8 31. Bc3 Bxc3 32. bxc3 Rxc3 33. Rxb6 Rxa3 34. d4 Raa2 35. Rb3 Rxh2+ 36. Kg1 Rag2+ 37. Kf1 Rd2 0-1

[Event "Amantea op-A 9th"]
[Site "Amantea"]
[Date "2011.09.08"]
[Round "6"]
[White "Forlano, Luigi"]
[Black "Scerbo, Antonio"]
[Result "1-0"]
[WhiteElo "1976"]
[BlackElo "2080"]
[PlyCount "68"]
[EventDate "2011.09.04"]
[EventType "swiss"]
[EventRounds "9"]
[EventCountry "ITA"]
[SourceTitle "CBM 144 Extra"]
[Source "ChessBase"]
[SourceDate "2011.10.28"]
[SourceVersion "1"]
[SourceVersionDate "2011.10.28"]
[SourceQuality "1"]

1. e4 c5 2. Nc3 Nc6 3. f4 d6 4. Nf3 g6 5. Bb5 Bd7 6. 0-0 Bg7 7. d3 e6 8. f5 Nf6 9. fxe6 fxe6 10. Qe1 0-0 11. Bxc6 Bxc6 12. Qh4 Nh5 13. Bg5 Qd7 14. g4 Nf4 15. Bh6 Rae8 16. Ng5 Bxh6 17. Qxh6 e5 18. Kh1 b5 19. Rae1 Qg7 20. Qxg7+ Kxg7 21. Ne2 h6 22. Nxf4 Rxf4 23. Rxf4 exf4 24. Nh3 g5 25. Kg1 b4 26. Kf2 Kf6 27. c4 bxc3 28. bxc3 c4 29. Ke2 d5 30. dxc4 dxe4 31. Rd1 Ke5 32. Nf2 Rb8 33. Rd2 Rb1 34. Nd1 e3 1-0

[Event "Amantea op-A 9th"]
[Site "Amantea"]
[Date "2011.09.08"]
[Round "5"]
[White "Scerbo, Antonio"]
[Black "Rotelli, Pietro"]
[Result "1-0"]
[WhiteElo "2080"]
[BlackElo "1918"]
[PlyCount "51"]
[EventDate "2011.09.04"]
[EventType "swiss"]
[EventRounds "9"]
[EventCountry "ITA"]
[SourceTitle "CBM 144 Extra"]
[Source "ChessBase"]
[SourceDate "2011.10.28"]
[SourceVersion "1"]
[SourceVersionDate "2011.10.28"]
[SourceQuality "1"]

1. d4 d5 2. Nf3 Nf6 3. c4 c6 4. Nc3 e6 5. Bg5 Nbd7 6. e3 Qa5 7. Nd2 Bb4 8. Qc2 Ne4 9. Ndxe4 dxe4 10. Bh4 Nb6 11. Be2 f5 12. 0-0 Bxc3 13. bxc3 Qa4 14. Qb3 0-0 15. f3 exf3 16. gxf3 Qxb3 17. axb3 Nd7 18. Bg3 Nf6 19. Bd3 b6 20. e4 Bd7 21. Ra6 Bc8 22. Ra2 Nh5 23. Bc7 Bb7 24. Rfa1 Rfc8 25. Be5 g6 26. Rxa7 1-0

[Event "Amantea op-A 9th"]
[Site "Amantea"]
[Date "2011.09.06"]
[Round "3"]
[White "Van Melkebeke, Willem"]
[Black "Scerbo, Antonio"]
[Result "1-0"]
[WhiteElo "1926"]
[BlackElo "2080"]
[PlyCount "83"]
[EventDate "2011.09.04"]
[EventType "swiss"]
[EventRounds "9"]
[EventCountry "ITA"]
[SourceTitle "CBM 144 Extra"]
[Source "ChessBase"]
[SourceDate "2011.10.28"]
[SourceVersion "1"]
[SourceVersionDate "2011.10.28"]
[SourceQuality "1"]

1. e4 c5 2. Nf3 Nc6 3. Bb5 d6 4. Bxc6+ bxc6 5. 0-0 Bg4 6. h3 Bh5 7. e5 d5 8. d3 Rb8 9. Re1 e6 10. Nc3 Ne7 11. g4 Bg6 12. Na4 Nc8 13. b3 Nb6 14. Nc3 Be7 15. a4 0-0 16. a5 Nd7 17. Bd2 Qc7 18. h4 h5 19. g5 Rbe8 20. Qe2 Bd8 21. Na4 f6 22. Kg2 fxe5 23. Nxe5 Nxe5 24. Qxe5 Qxe5 25. Rxe5 Bc7 26. Re2 c4 27. bxc4 dxc4 28. dxc4 Bf5 29. f3 Rf7 30. Bb4 Rd7 31. Bc3 Kf7 32. Nc5 Rdd8 33. Rb1 Rb8 34. Rb3 Red8 35. Na6 Rxb3 36. cxb3 Bf4 37. Nb4 c5 38. Nc6 Rd3 39. Be5 Bc1 40. Nxa7 Rxb3 41. Ra2 Bd3 42. Nc8 1-0

[Event "St Eufemia d'Aspromonte op 4th"]
[Site "St Eufemia d'Aspromonte"]
[Date "2011.01.05"]
[Round "8"]
[White "Pisacane, Pietro"]
[Black "Scerbo, Antonio"]
[Result "1-0"]
[WhiteElo "1920"]
[BlackElo "2123"]
[PlyCount "43"]
[EventDate "2011.01.02"]
[EventType "swiss"]
[EventRounds "9"]
[EventCountry "ITA"]
[SourceTitle "CBM 140 Extra"]
[Source "ChessBase"]
[SourceDate "2011.03.01"]
[SourceVersion "1"]
[SourceVersionDate "2011.03.01"]
[SourceQuality "1"]

1. d4 Nf6 2. c4 g6 3. Nc3 Bg7 4. e4 d6 5. Nf3 0-0 6. Be2 e5 7. dxe5 dxe5 8. Qxd8 Rxd8 9. Nxe5 Nxe4 10. Nxe4 Bxe5 11. Bg5 Bxb2 12. Bxd8 Bxa1 13. Bxc7 Nc6 14. 0-0 Bg7 15. Nd6 Nd4 16. Bd3 Ne6 17. Ba5 b6 18. Be4 Rb8 19. Bb4 Ba6 20. Bd5 Bf8 21. Re1 Rd8 22. Rxe6 1-0

[Event "Amantea op-A 8th"]
[Site "Amantea"]
[Date "2010.09.01"]
[Round "4"]
[White "Panarello, Giuseppe"]
[Black "Scerbo, Antonio"]
[Result "0-1"]
[WhiteElo "1925"]
[BlackElo "2116"]
[PlyCount "58"]
[EventDate "2010.08.29"]
[EventType "swiss"]
[EventRounds "9"]
[EventCountry "ITA"]
[SourceTitle "CBM 138 Extra"]
[Source "ChessBase"]
[SourceDate "2010.10.29"]
[SourceVersion "1"]
[SourceVersionDate "2010.10.29"]
[SourceQuality "1"]

1. Nf3 Nf6 2. g3 g6 3. Bg2 Bg7 4. 0-0 0-0 5. d3 d6 6. e4 c5 7. Nbd2 Nc6 8. c3 Rb8 9. Qe2 Qc7 10. a4 a6 11. Nc4 b5 12. axb5 axb5 13. Ne3 e6 14. Nd2 b4 15. Ndc4 Rd8 16. f4 d5 17. Ne5 bxc3 18. Nxc6 cxb2 19. Bxb2 Qxc6 20. Bxf6 Bxf6 21. e5 Be7 22. Ra7 Rd7 23. Rfa1 Rxa7 24. Rxa7 Rb7 25. Rxb7 Bxb7 26. g4 Qa4 27. Qf3 Qd4 28. h3 Qxd3 29. f5 Bg5 0-1

[Event "Cutro op-A 16th"]
[Site "Cutro "]
[Date "2010.04.29"]
[Round "6"]
[White "Neubauer, Kai"]
[Black "Scerbo, Antonio"]
[Result "0-1"]
[WhiteElo "2041"]
[BlackElo "2090"]
[PlyCount "74"]
[EventDate "2010.04.24"]
[EventType "swiss"]
[EventRounds "9"]
[EventCountry "ITA"]
[SourceTitle "EXT 2012"]
[Source "ChessBase"]
[SourceDate "2011.11.24"]
[SourceVersion "1"]
[SourceVersionDate "2011.11.24"]
[SourceQuality "1"]

1. d4 Nf6 2. c4 g6 3. Nc3 Bg7 4. e4 d6 5. Nf3 0-0 6. Be2 e5 7. Be3 Ng4 8. Bg5 f6 9. Bc1 Nc6 10. d5 Ne7 11. h3 Nh6 12. h4 f5 13. h5 fxe4 14. Nxe4 Nhf5 15. g4 Nd4 16. Nxd4 exd4 17. Bg5 Qe8 18. Qd2 Nxd5 19. 0-0-0 Nf4 20. Bxf4 Qxe4 21. Bg3 Bxg4 22. Bxg4 Qxg4 23. Rdg1 Qe6 24. hxg6 Qxc4+ 25. Kb1 hxg6 26. Qg5 d3 27. Rc1 Qd4 28. Qd2 Rae8 29. Rh4 Re2 30. Rxd4 Rxd2 31. Rb4 Re8 32. Rxb7 Ree2 33. Rcxc7 Rd1+ 34. Rc1 Rde1 35. Rbc7 d2 36. Rd1 Rxd1+ 37. Kc2 Rc1+ 0-1

[Event "St Eufemia d'Aspromonte op 3rd"]
[Site "St Eufemia d'Aspromonte"]
[Date "2010.01.05"]
[Round "5"]
[White "Blasco, Domenico"]
[Black "Scerbo, Antonio"]
[Result "0-1"]
[WhiteElo "1987"]
[BlackElo "2093"]
[PlyCount "86"]
[EventDate "2010.01.02"]
[EventType "swiss"]
[EventRounds "7"]
[EventCountry "ITA"]
[SourceTitle "CBM 134 Extra"]
[Source "ChessBase"]
[SourceDate "2010.03.03"]
[SourceVersion "1"]
[SourceVersionDate "2010.03.03"]
[SourceQuality "1"]

1. d4 d5 2. Nf3 Nf6 3. e3 c5 4. c3 Nc6 5. h3 e6 6. Bd3 Bd6 7. Nbd2 0-0 8. 0-0 b6 9. a3 a5 10. e4 dxe4 11. Nxe4 Nxe4 12. Bxe4 Bb7 13. Ng5 h6 14. Qh5 Qe7 15. Nh7 Rfc8 16. Bxh6 gxh6 17. Qxh6 f5 18. Qg6+ Qg7 19. Qxe6+ Kxh7 20. Bxf5+ Kh8 21. Qxd6 Nxd4 22. Bg4 Ne2+ 23. Kh2 Rc6 24. Qd7 Qe5+ 25. Kh1 Rc7 26. Qe6 Qxe6 27. Bxe6 Nf4 28. Rfe1 Nxg2 29. Re5 Nf4+ 30. Kh2 Re8 31. Rae1 Rce7 32. Kg3 Nxe6 33. Kg4 Rg8+ 34. Kf5 Ng7+ 35. Kf6 Rxe5 36. Rxe5 Rf8+ 37. Kg6 Rxf2 38. Re7 Rg2+ 39. Kf7 Bd5+ 40. Kf6 Kh7 41. Rd7 Be6 42. Rb7 Bxh3 43. Rxb6 Rg6+ 0-1

[Event "St Eufemia d'Aspromonte op 3rd"]
[Site "St Eufemia d'Aspromonte"]
[Date "2010.01.03"]
[Round "2"]
[White "Scerbo, Antonio"]
[Black "Palazzotto, Roberto"]
[Result "0-1"]
[WhiteElo "2093"]
[BlackElo "1927"]
[PlyCount "90"]
[EventDate "2010.01.02"]
[EventType "swiss"]
[EventRounds "7"]
[EventCountry "ITA"]
[SourceTitle "CBM 134 Extra"]
[Source "ChessBase"]
[SourceDate "2010.03.03"]
[SourceVersion "1"]
[SourceVersionDate "2010.03.03"]
[SourceQuality "1"]

1. d4 d5 2. Nf3 Nf6 3. c4 c6 4. Nc3 e6 5. Bg5 dxc4 6. a4 h6 7. Bxf6 Qxf6 8. e4 c5 9. d5 exd5 10. Nxd5 Qd8 11. Bxc4 Nc6 12. 0-0 Bd6 13. e5 Be7 14. Re1 0-0 15. Qc2 Be6 16. Rad1 Qa5 17. Qe4 Rfe8 18. Bd3 g6 19. Nf6+ Bxf6 20. exf6 Qb4 21. Qxb4 Nxb4 22. Be4 Rab8 23. Rd6 Bb3 24. a5 b6 25. Rd7 bxa5 26. Rxa7 a4 27. Rc7 Rbc8 28. Rxc8 Rxc8 29. Rc1 Rd8 30. h4 Rd1+ 31. Rxd1 Bxd1 32. Ne5 Bb3 33. Kf1 c4 34. Bb1 c3 35. bxc3 Nd5 36. Nf3 Nxc3 37. Nd2 Bd5 38. Bc2 a3 39. Nb3 Bxb3 40. Bxb3 a2 41. Bxa2 Nxa2 42. g4 g5 43. hxg5 hxg5 44. Kg2 Kh7 45. Kg3 Kg6 0-1

[Event "Filadelfia op 1st"]
[Site "Filadelfia"]
[Date "2009.12.08"]
[Round "7"]
[White "Arnetta, Maria Teresa"]
[Black "Scerbo, Antonio"]
[Result "1-0"]
[WhiteElo "2046"]
[BlackElo "2095"]
[PlyCount "135"]
[EventDate "2009.12.05"]
[EventType "swiss"]
[EventRounds "7"]
[EventCountry "ITA"]
[SourceTitle "EXT 2012"]
[Source "ChessBase"]
[SourceDate "2011.11.24"]
[SourceVersion "1"]
[SourceVersionDate "2011.11.24"]
[SourceQuality "1"]

1. e4 c5 2. c3 d5 3. exd5 Qxd5 4. d4 cxd4 5. cxd4 Nc6 6. Nf3 e5 7. Nc3 Bb4 8. Bd2 Bxc3 9. Bxc3 e4 10. Ne5 Nxe5 11. dxe5 Ne7 12. Qa4+ Bd7 13. Qa3 Qe6 14. Rd1 0-0 15. Qd6 Rfd8 16. Be2 Nf5 17. Qxe6 Bxe6 18. 0-0 h6 19. b3 Kh7 20. h3 Kg6 21. Bb2 Rac8 22. Rxd8 Rxd8 23. Rd1 Rc8 24. Rc1 Rxc1+ 25. Bxc1 Nd4 26. Kf1 Kf5 27. Bb2 Kxe5 28. f4+ exf3 29. Bxf3 Bd5 30. Bg4 Bc6 31. Kf2 Ke4 32. Ba3 g6 33. Bc5 a6 34. h4 f5 35. Bd1 g5 36. Bf8 gxh4 37. Bxh6 Ne6 38. Bc2+ Ke5 39. Bc1 Be4 40. Bb2+ Nd4 41. Bd1 Kd5 42. Bh5 Bb1 43. a3 Ke4 44. b4 Kd3 45. Bf7 Ke4 46. a4 Bc2 47. Be8 Bb3 48. Bc1 Nc2 49. b5 axb5 50. axb5 Ba4 51. Bd7 Nd4 52. Bc8 b6 53. Bb7+ Kd3 54. Bg5 Nxb5 55. Bd8 Nd6 56. Ba6+ b5 57. Bxh4 Kd4 58. Be7 Kd5 59. Ke3 b4 60. Bd3 Bd7 61. Bc2 Be6 62. Kf4 Kc6 63. Ba4+ Kc7 64. Ke5 Nc4+ 65. Kxe6 Ne3 66. g3 Kb6 67. Bxb4 Nf1 68. Bd6 1-0

[Event "Filadelfia op 1st"]
[Site "Filadelfia"]
[Date "2009.12.07"]
[Round "5"]
[White "Scerbo, Antonio"]
[Black "Merendino, Riccardo"]
[Result "1-0"]
[WhiteElo "2095"]
[BlackElo "1884"]
[PlyCount "35"]
[EventDate "2009.12.05"]
[EventType "swiss"]
[EventRounds "7"]
[EventCountry "ITA"]
[SourceTitle "EXT 2012"]
[Source "ChessBase"]
[SourceDate "2011.11.24"]
[SourceVersion "1"]
[SourceVersionDate "2011.11.24"]
[SourceQuality "1"]

1. d4 d5 2. Nf3 e6 3. c4 Nf6 4. Nc3 Be7 5. Bg5 0-0 6. e3 Nbd7 7. Qc2 h6 8. h4 c5 9. 0-0-0 b6 10. Bxf6 Nxf6 11. Ne5 Bb7 12. Rg1 a6 13. g4 Ne4 14. Nxe4 dxe4 15. g5 hxg5 16. hxg5 g6 17. f4 Qc7 18. Qh2 1-0

[Event "Filadelfia op 1st"]
[Site "Filadelfia"]
[Date "2009.12.06"]
[Round "3"]
[White "Scerbo, Antonio"]
[Black "Blasco, Domenico"]
[Result "1-0"]
[WhiteElo "2095"]
[BlackElo "1968"]
[PlyCount "97"]
[EventDate "2009.12.05"]
[EventType "swiss"]
[EventRounds "7"]
[EventCountry "ITA"]
[SourceTitle "EXT 2012"]
[Source "ChessBase"]
[SourceDate "2011.11.24"]
[SourceVersion "1"]
[SourceVersionDate "2011.11.24"]
[SourceQuality "1"]

1. d4 Nf6 2. Nf3 c5 3. d5 b5 4. c4 Bb7 5. b3 g6 6. Bb2 Bg7 7. e4 bxc4 8. bxc4 d6 9. Bd3 0-0 10. 0-0 Nbd7 11. Nbd2 Re8 12. Rb1 Qc7 13. Re1 Ng4 14. Bxg7 Kxg7 15. Qc2 Rab8 16. h3 Nge5 17. Nxe5 Nxe5 18. f4 Nxd3 19. Qxd3 e6 20. Nf3 Re7 21. f5 exf5 22. exf5 Rxe1+ 23. Rxe1 Qd8 24. Nd2 Bc8 25. fxg6 hxg6 26. Ne4 Bf5 27. Qc3+ f6 28. Nxf6 Kf7 29. Ne4 Qe7 30. Nxc5 Qxe1+ 31. Qxe1 Rb1 32. Qxb1 Bxb1 33. Nb7 Ke7 34. a3 Kd7 35. Kf2 Kc7 36. Na5 Kb6 37. Nb3 a5 38. Ke3 a4 39. Nd2 Bf5 40. g4 Bc2 41. Ne4 Kc7 42. Kd4 Kd7 43. h4 Ke7 44. h5 gxh5 45. gxh5 Bd1 46. h6 Kf7 47. Nxd6+ Kg6 48. c5 Kxh6 49. c6 1-0

[Event "Amantea op-A 7th"]
[Site "Amantea"]
[Date "2009.09.07"]
[Round "9"]
[White "Oschetzki, Stefan"]
[Black "Scerbo, Antonio"]
[Result "0-1"]
[WhiteElo "2178"]
[BlackElo "2086"]
[PlyCount "94"]
[EventDate "2009.08.31"]
[EventType "swiss"]
[EventRounds "9"]
[EventCountry "ITA"]
[SourceTitle "CBM 132 Extra"]
[Source "ChessBase"]
[SourceDate "2009.11.03"]
[SourceVersion "1"]
[SourceVersionDate "2009.11.03"]
[SourceQuality "1"]

1. e4 c5 2. c3 d5 3. exd5 Qxd5 4. d4 cxd4 5. cxd4 Nc6 6. Nf3 e5 7. Nc3 Bb4 8. Bd2 Bxc3 9. Bxc3 e4 10. Ne5 Nxe5 11. dxe5 Ne7 12. Be2 0-0 13. 0-0 Bf5 14. Qb3 Qxb3 15. axb3 a6 16. Rfd1 Rfe8 17. b4 Ng6 18. b5 Nf4 19. Bc4 axb5 20. Bxb5 Rxa1 21. Rxa1 Rd8 22. h3 h5 23. Ra7 Rd1+ 24. Kh2 Nd3 25. Bxd3 exd3 26. Rxb7 Rc1 27. h4 Kh7 28. Rb6 Rc2 29. Kg3 Be4 30. Rd6 Bf5 31. Rd4 Kg6 32. Rd6+ Kh7 33. e6 Bxe6 34. Rxd3 Rc1 35. b4 Rb1 36. Kf4 f6 37. Ke3 Kg6 38. Kd4 Bc8 39. Kc5 Bb7 40. b5 Kf5 41. g3 g5 42. Rd6 gxh4 43. Rxf6+ Kg5 44. Rf7 h3 45. Rxb7 h2 46. g4 h1Q 47. Rg7+ Kf4 0-1

[Event "Amantea op-A 7th"]
[Site "Amantea"]
[Date "2009.09.05"]
[Round "7"]
[White "Furnari, Franco"]
[Black "Scerbo, Antonio"]
[Result "0-1"]
[WhiteElo "1929"]
[BlackElo "2086"]
[PlyCount "110"]
[EventDate "2009.08.31"]
[EventType "swiss"]
[EventRounds "9"]
[EventCountry "ITA"]
[SourceTitle "CBM 132 Extra"]
[Source "ChessBase"]
[SourceDate "2009.11.03"]
[SourceVersion "1"]
[SourceVersionDate "2009.11.03"]
[SourceQuality "1"]

1. e4 c5 2. Nf3 Nc6 3. d4 cxd4 4. Nxd4 Nf6 5. Nc3 e5 6. Ndb5 d6 7. Bg5 a6 8. Na3 b5 9. Nd5 Be7 10. Bxf6 Bxf6 11. c3 0-0 12. Nc2 Rb8 13. Be2 Bg5 14. 0-0 g6 15. Bf3 Be6 16. Ncb4 Nxb4 17. Nxb4 Qb6 18. Nd5 Qc5 19. g3 Bxd5 20. Qxd5 Qxd5 21. exd5 f5 22. Bg2 Rfc8 23. f4 exf4 24. gxf4 Bh6 25. Rae1 Re8 26. Re6 Rbd8 27. Rfe1 Kf7 28. Rf1 Rxe6 29. dxe6+ Kxe6 30. Bb7 a5 31. Bc6 b4 32. c4 Rc8 33. Bd5+ Kf6 34. Kg2 Re8 35. Rf2 Re3 36. b3 g5 37. fxg5+ Bxg5 38. Rf3 Re2+ 39. Rf2 Rxf2+ 40. Kxf2 Ke5 41. Kf3 Kd4 42. Bg8 Kc3 43. Bxh7 Kb2 44. Bxf5 Kxa2 45. Bc2 Kb2 46. Bd1 Kc1 47. Be2 Kc2 48. Ke4 Kxb3 49. Kd5 Bf4 50. c5 dxc5 51. Kxc5 Bxh2 52. Bd1+ Ka3 53. Kb5 Bc7 54. Kc4 a4 55. Kd3 b3 0-1

[Event "Amantea op-A 7th"]
[Site "Amantea"]
[Date "2009.09.01"]
[Round "3"]
[White "Scerbo, Antonio"]
[Black "Hajenius, Willem"]
[Result "1-0"]
[WhiteElo "2086"]
[BlackElo "2025"]
[PlyCount "79"]
[EventDate "2009.08.31"]
[EventType "swiss"]
[EventRounds "9"]
[EventCountry "ITA"]
[SourceTitle "CBM 132 Extra"]
[Source "ChessBase"]
[SourceDate "2009.11.03"]
[SourceVersion "1"]
[SourceVersionDate "2009.11.03"]
[SourceQuality "1"]

1. d4 Nf6 2. c4 c5 3. d5 b5 4. cxb5 a6 5. Nc3 axb5 6. e4 b4 7. Nb5 d6 8. Bf4 g5 9. Bxg5 Nxe4 10. Bf4 Nf6 11. Qe2 Ra6 12. Rd1 Bg7 13. Nf3 0-0 14. a3 bxa3 15. Nxa3 e6 16. dxe6 Bxe6 17. Qd2 Ne4 18. Qc2 Rxa3 19. bxa3 Bc3+ 20. Nd2 Bf5 21. Bd3 Qh4 22. 0-0 Bxd2 23. Bxd2 Nc6 24. Bc3 d5 25. f3 Nxc3 26. Qxc3 Nd4 27. Rfe1 Qg5 28. Bxf5 Qxf5 29. Qxc5 Ne6 30. Qxd5 Qg6 31. Re4 h5 32. Re5 Nf4 33. Qd2 f6 34. Re7 Qg5 35. Qa2+ Kh8 36. Rdd7 Nh3+ 37. Kf1 Qc1+ 38. Re1 Qc6 39. Qd5 Qa6+ 40. Qd3 1-0

[Event "Bagnara Calabra op 1st"]
[Site "Bagnara Calabra"]
[Date "2008.01.02"]
[Round "1"]
[White "Drasko, Milan"]
[Black "Scerbo, Antonio"]
[Result "1-0"]
[WhiteElo "2540"]
[BlackElo "2098"]
[PlyCount "81"]
[EventDate "2008.01.02"]
[EventType "swiss"]
[EventRounds "7"]
[EventCountry "ITA"]
[SourceTitle "CBM 122 Extra"]
[Source "ChessBase"]
[SourceDate "2008.03.04"]
[SourceVersion "1"]
[SourceVersionDate "2008.03.04"]
[SourceQuality "1"]

1. d4 Nf6 2. c4 g6 3. Nf3 Bg7 4. g3 0-0 5. Bg2 d6 6. 0-0 c6 7. Nc3 Qa5 8. e4 Qh5 9. Ng5 Qxd1 10. Rxd1 Nbd7 11. h3 e5 12. Nf3 Re8 13. b3 exd4 14. Nxd4 Nc5 15. f3 Be6 16. Be3 Nfd7 17. Rac1 a5 18. Bf2 Rad8 19. f4 f5 20. exf5 gxf5 21. Rc2 Ne4 22. Nxe4 fxe4 23. Nxe6 Rxe6 24. f5 Ree8 25. Rxd6 e3 26. Be1 Nc5 27. Rxd8 Rxd8 28. Kf1 Bh6 29. Ke2 a4 30. b4 Nd3 31. Bc3 Nf2 32. b5 cxb5 33. Bd5+ Kf8 34. f6 bxc4 35. Bb4+ Ke8 36. Be6 Rd2+ 37. Rxd2 exd2 38. f7+ Kd8 39. Bxd2 Bg7 40. Kxf2 b5 41. Bb4 1-0

[Event "Campobasso op 14th"]
[Site "Campobasso"]
[Date "2007.07.22"]
[Round "5"]
[White "Amato, Andrea"]
[Black "Scerbo, Antonio"]
[Result "1-0"]
[WhiteElo "2267"]
[BlackElo "2100"]
[PlyCount "67"]
[EventDate "2007.07.20"]
[EventType "swiss"]
[EventRounds "6"]
[EventCountry "ITA"]
[SourceTitle "EXT 2009"]
[Source "ChessBase"]
[SourceDate "2008.11.26"]
[SourceVersion "1"]
[SourceVersionDate "2008.11.26"]
[SourceQuality "1"]

1. e4 c5 2. Nf3 Nc6 3. d4 cxd4 4. Nxd4 Nf6 5. Nc3 e5 6. Ndb5 d6 7. Bg5 a6 8. Na3 b5 9. Bxf6 gxf6 10. Nd5 Bg7 11. c3 Ne7 12. Nxe7 Qxe7 13. Nc2 f5 14. exf5 0-0 15. Ne3 Bb7 16. Qb3 d5 17. Nxd5 Bxd5 18. Qxd5 Rad8 19. Qe4 Bh6 20. Bd3 Rxd3 21. Qxd3 Rd8 22. Qg3+ Kh8 23. 0-0 Rg8 24. Qh3 Bf4 25. Rad1 Rb8 26. Rd5 Rb6 27. Rfd1 Rb8 28. Rd7 Qe8 29. Qh4 Kg7 30. f6+ Kh8 31. Qg4 Bh6 32. Qh5 Bf4 33. Rxf7 Qg8 34. Rg7 1-0

[Event "Campobasso op 14th"]
[Site "Campobasso"]
[Date "2007.07.22"]
[Round "6"]
[White "Scerbo, Antonio"]
[Black "Parrella, Alfredo"]
[Result "1/2-1/2"]
[WhiteElo "2100"]
[BlackElo "2137"]
[PlyCount "72"]
[EventDate "2007.07.20"]
[EventType "swiss"]
[EventRounds "6"]
[EventCountry "ITA"]
[SourceTitle "EXT 2009"]
[Source "ChessBase"]
[SourceDate "2008.11.26"]
[SourceVersion "1"]
[SourceVersionDate "2008.11.26"]
[SourceQuality "1"]

1. d4 Nf6 2. Nf3 g6 3. c4 Bg7 4. Nc3 0-0 5. e4 d6 6. h3 e5 7. dxe5 dxe5 8. Qxd8 Rxd8 9. Nd5 Nxd5 10. cxd5 c6 11. Bc4 cxd5 12. Bxd5 Nd7 13. Bg5 Re8 14. Rc1 h6 15. Be3 Nf6 16. Ke2 Nxd5 17. exd5 b6 18. Rhd1 Ba6+ 19. Ke1 Rec8 20. d6 Rxc1 21. Rxc1 Rd8 22. Rc7 Rxd6 23. Rxa7 Bd3 24. Re7 Kf8 25. Rb7 e4 26. Nd2 Rc6 27. f3 exf3 28. gxf3 b5 29. b3 Rc1+ 30. Kf2 Rc2 31. a4 bxa4 32. bxa4 Ra2 33. Ra7 Kg8 34. Kg3 Bc3 35. Ne4 Be1+ 36. Bf2 Bxe4 1/2-1/2